Jaki to koszykarz? #2 - Statystyki

Ogólne statystyki
  • Ten quiz został rozwiązany 29 razy
  • Średni wynik to 4 z 10
Statystyki odpowiedzi
Hint Odpowiedź % Poprawnych
Europejski zawodnik, jeden z najlepszych strzelców w historii ligi NBA. Utożsamiany z drużyną z Teksasu. Dirk Nowitzki
68%
Rozgrywający urodzony w 1999 roku. "Największy gangster NBA". Pif paf! Ja Morant
64%
Cudowne dziecko europejskiej koszykówki, które swoje pierwsze profesjonalne kroki stawiało na hiszpańskich parkietach. Przez swój styl gry i nieszablonowe zagrania, okrzyknięty został pseudonimem "Magic". Luka Doncic
64%
Zawodnik, który na parkietach NBA biegał w trakcie trzech różnych dekad. Pamiętamy go m.in. z legendarnych momentów podczas Konkursu Wsadów NBA. Vince Carter
55%
Osobistość Hall of Fame NBA. Jego najlepsze lata kariery przypadają na '80. Przedwcześnie zakończył swoją karierę ze względu na chorobę HIV. Magic Johnson
50%
Wybrany przez Los Angeles Clippers w 2010 roku. 6-krotny All-Star i Rookie of the Year z sezonu 10-11. W swoich pierwszych latach gry był nienawidzony przez rywali za swój styl gry i ośmieszanie przeciwników swoimi nadludzkimi wsadami. Obecnie zawodnik Boston Celtics. Blake Griffin
41%
Jeden z najwybitniejszych strzelców w historii Igrzysk Olimpijskich, 10-krotny All-Star i król strzelców z sezonu 12-13. Mimo wielu osiągnięć, nigdy nie zdołał założyć na swój palec pierścienia mistrzowskiego. Zakończył karierę w 2023 roku. Carmelo Anthony
36%
Small Forward, którego kariera mocno przyhamowała przez kontuzje. Swego czasu był świetnie zapowiadającym się prospektem w Utah Jazz, po którego z chęcią sięgnęli Celtics. Obecnie związany z drużyną Michaela Jordana. Gordon Hayward
18%
Brytyjczyk, który w 2019 roku zdobył pierścień mistrzowski. Jeden z najlepszych obwodowych obrońców w całej lidze, co dowodzi fakt, iż w sezonie 22-23 był najlepszy pod względem przechwytów na mecz, a także załapał się do drugiego składu All-Defensive. OG Anunoby
18%
Europejski center, który w swojej drużynie był wyjściowym zawodnikiem w latach 2016-2018, w których zdobył 2 mistrzostwa z rzędu. Zapomniany trybik mistrzowskiej maszyny. Zaza Pachulia
14%
Nie znaleziono quizów pasujących do podanych kryteriów
Rozkład punktacji
Procent ludzi z każdym wynikiem
Percentyl według liczby udzielonych odpowiedzi
Twoja historia wyników
Nie rozwiązałeś tego quizu